Statistics for Countries with the highest GDP per capita

Click here to take the quiz!

General Stats

  • This quiz has been taken 12 times
  • The average score is 16 of 20

Answer Stats

GDP per capitaAnswer% Correct
$62,625Australia
92%
$126,905Ireland
92%
$142,214Luxembourg
92%
$114,648Qatar
92%
$76,399United States
92%
$61,228Bahrain
83%
$65,027Belgium
83%
$59,027Finland
83%
$69,081Iceland
83%
$69,577Netherlands
83%
$114,899Norway
83%
$127,565Singapore
83%
$64,578Sweden
83%
$83,598Switzerland
83%
$87,729United Arab Emirates
83%
$67,936Austria
75%
$59,065Saudi Arabia
75%
$74,005Denmark
67%
$63,150Germany
58%
$69,275Brunei
33%

Score Distribution

Percentile by Number Answered

Percent of People with Each Score

Your Score History

You have not taken this quiz